000 00429nam a2200181Ia 4500
001 12800
005 20260306163007.0
008 260306t2006||||xx |||||||||||||| ||spa||
041 _aESP
082 _aRD 330.3
_bA59
100 _aAndrade Espinoza, Simón
_eAUT
245 0 _aDiccionario de economía
260 _c2006
300 _a569 páginas :
_c21 cm.
650 _aGEN
654 _aCAN
942 _cDIC
_dJUS
_fJUS
_2ddc
_n
999 _c12800
_d12800